Diccionarios Everest Cúspide
Uloženo v:
| Médium: | Kniha |
|---|---|
| Jazyk: | španělština |
| Vydáno: |
Madrid
Everest
1977
|
| Edice: | Colección de Diccionarios Everest
|
| Témata: | |
| Tagy: |
Přidat tag
Žádné tagy, Buďte první, kdo vytvoří štítek k tomuto záznamu!
|
MARC
| LEADER | 00000nam a2200000 a 4500 | ||
|---|---|---|---|
| 001 | UCY5973 | ||
| 003 | CL-VaPUC | ||
| 008 | 950521e19770000SP |||||||||||||||||spa|d | ||
| 082 | 0 | 4 | |a 463 |b DIC |2 21 |
| 245 | 1 | 0 | |a Diccionarios Everest Cúspide |
| 300 | |a 1087 p | ||
| 942 | |c BK | ||
| 945 | |d 19950521 00:00:00 |a rbrito | ||
| 260 | |a Madrid |b Everest |c 1977 | ||
| 650 | 0 | |a Español |9 255372 | |
| 650 | 0 | |a Diccionarios |9 256200 | |
| 583 | |a last modification |c 19950521 00:00:00 |k Rodrigo Vera | ||
| 490 | 0 | |a Colección de Diccionarios Everest | |
| 999 | |c 233570 |d 233568 | ||
| 952 | |0 0 |1 0 |4 0 |6 463_000000000000000_DIC_1977 |7 0 |8 X |9 239183 |a BIBING |b BIBING |d 2019-11-18 |i 3085619 |o 463 DIC 1977 |p 3085619 |r 2025-01-20 |w 2019-11-18 |y BK_X |k EIE | ||